El núcleo del cometa

Αποθηκεύτηκε σε:
Λεπτομέρειες βιβλιογραφικής εγγραφής
Κύριος συγγραφέας: Péret, Benjamin (Συγγραφέας)
Μορφή: Βιβλίο
Γλώσσα:Ισπανικά
Έκδοση: Buenos Aires Argonauta 2011
Έκδοση:1a. ed
Θέματα:
Ετικέτες: Προσθήκη ετικέτας
Δεν υπάρχουν, Καταχωρήστε ετικέτα πρώτοι!

MARC

LEADER 00000cam a2200000 a 4500
001 UCD5428
003 CL-VaPUC
008 160908e20110000ag |||||||||||||||||spa|d
020 |a 9789509282605 
082 0 4 |a 840  |b PER  |2 21 
100 0 |a Péret, Benjamin  |e author  |9 589173 
245 1 3 |a El núcleo del cometa 
246 1 0 |a Poemas escogidos 
246 1 0 |a Yo sublime 
250 |a 1a. ed 
300 |a 146 p 
942 |c BK 
945 |d 20160908 17:07:00  |a dcastane 
260 |a Buenos Aires  |b Argonauta  |c 2011 
650 0 |a Literatura francesa  |9 266330 
650 0 |a Poesía francesa  |9 264947 
650 0 |a Ensayos franceses  |9 265511 
650 0 |a Amor en la literatura  |9 315451 
650 0 |a Amor erótico  |9 589174 
583 |a last modification  |c 20160908 17:07:00  |k Rodrigo Vera 
999 |c 366090  |d 366088 
952 |0 0  |1 0  |3 erb  |4 0  |6 840_000000000000000_PER_2011  |7 0  |8 A  |9 480118  |a BIBART  |b BIBART  |i 5340241  |o 840 PER 2011  |p 5340241  |r 2025-03-13  |w 2019-11-24  |y BK  |z Catalogado en:20160908  |k ART